Leading corporate citizens : (Record no. 111771)
[ view plain ]
| 000 -LEADER | |
|---|---|
| campo de control de longitud fija | 01183nam a2200193 4500 |
| 001 - NÚMERO DE CONTROL | |
| campo de control | 859 |
| 005 - FECHA Y HORA DE LA ÚLTIMA TRANSACCIÓN | |
| campo de control | 20230411090047.0 |
| 008 - DATOS DE LONGITUD FIJA--INFORMACIÓN GENERAL | |
| campo de control de longitud fija | 060907n2002 dr spa |
| 020 ## - NÚMERO INTERNACIONAL ESTÁNDAR DEL LIBRO | |
| Número Internacional Estándar del Libro | 0072453907 |
| 035 ## - NÚMERO DE CONTROL DEL SISTEMA | |
| -- | funglode863 |
| 041 ## - CÓDIGO DE IDIOMA | |
| Código de lengua del texto/banda sonora o título independiente | EN |
| 100 ## - ENTRADA PRINCIPAL--NOMBRE DE PERSONA | |
| Nombre de persona | Waddock, Sandra |
| 245 1# - MENCIÓN DEL TÍTULO | |
| Título | Leading corporate citizens : |
| Resto del título | Vision, values, value added / |
| Mención de responsabilidad, etc. | Sandra Waddock |
| 260 ## - PUBLICACIÓN, DISTRIBUCIÓN, ETC. | |
| Lugar de publicación, distribución, etc. | Boston : |
| Nombre del editor, distribuidor, etc. | McGraw-Hill, |
| Fecha de publicación, distribución, etc. | 2002 |
| 300 ## - DESCRIPCIÓN FÍSICA | |
| Extensión | xxi, 360 p. |
| 440 ## - MENCIÓN DE SERIE/PUNTO DE ACCESO ADICIONAL--TÍTULO | |
| Título | McGraw-Hill higher education |
| 520 ## - RESUMEN, ETC. | |
| Sumario, etc. | Corporate global citizenship : Vision, values, value added, 3. -- Spheres of influence : The ecological underpinning, 22. -- The three spheres of human civilization, 41. -- Personal and organizational vision, 83. -- Values in management practice : Operating with integrity, 115. -- Value added : The impact of vision and values, 141. -- Stakeholders : The relationship key, 165. -- Measurinf multiple bottom lines : Getting to value added, 200. -- Ecological thinking in the global village, 233. -- Global standards - Global village, 261. -- Values added : Global futures, 292. -- Leading global futures : The emerging paradigm of leading corporate citizenship, 317 |
| 942 ## - ELEMENTOS DE ENTRADA SECUNDARIOS (KOHA) | |
| Fuente del sistema de clasificación o colocación | Clasificación de Library of Congress |
| Tipo de ítem Koha | |
| Estatus retirado | Estado de pérdida | Fuente del sistema de clasificación o colocación | Estado de daño | No para préstamo | Colección | Biblioteca de origen | Biblioteca actual | Ubicación en estantería | Fecha de adquisición | Código de barras | Visto por última vez | Copia número | Tipo de ítem Koha |
|---|---|---|---|---|---|---|---|---|---|---|---|---|---|
| Clasificación de Library of Congress | Automatización y Procesos Técnicos | Biblioteca Juan Bosch | Biblioteca Juan Bosch | Automatización y Procesos Técnicos (1er. Piso) | 17/02/2019 | 00020020426 | 17/02/2019 | 1 |
